00721nam a2200205Ia 4500003000900000005001700009008004100026020001800067040001600085080001900101245011200120260004400232300001000276650001900286650002900305650002600334942001200360999001500372952012800387IN-BaIIA20260116095721.0211028s9999 xx 000 0 eng d a0-85229-430-1 cIIA Library a 058:5bYEA-86 0aYearbook of science and the future 1986cedited by David Calhoun  aChicagobEncyclopaedia Britannicac1985 a445p. aNASA Thesaurus aScience-Yearbooks913503 aYearbooks-1986913504 cBK2ddc c8500d8500 00102ddc4070aBANbBANcGENd1985-10-17g400.00l0o 058:5/ YEA-86p9365r2021-11-05v400.00w1985-10-17yBKGRs. 400.00